| 000 | 00948nam a2200289 a 4500 | ||
|---|---|---|---|
| 001 | 000043170 | ||
| 005 | 20201002040707.0 | ||
| 008 | 140220s2002 sp 000 0 spa d | ||
| 020 | _a8403092849 | ||
| 040 |
_aDO-SdBNP _bspa _cBNPHU |
||
| 245 | 0 | 0 |
_aChile y España : _bdiálogos y encuentros / _cJoaquín Almunia... [et.al.]. |
| 260 |
_aMadrid, : _bAguilar, _c2002. |
||
| 300 |
_a215 p. ; _c24 cm. |
||
| 500 | _aIncluye notas a pie de páginas | ||
| 700 | 1 | 2 |
_aAlmunia, Joaquín _970745 |
| 700 | 1 | 2 |
_aArriagada, Genaro _970746 |
| 700 | 1 | 2 |
_aCalvo Sotelo, Leopoldo _970747 |
| 700 | 1 | 2 |
_aGómez Navarro, Javier _970748 |
| 700 | 1 | 2 |
_aInsulza, José Miguel _970749 |
| 700 | 1 | 2 |
_aLeguina, Joaquín _970750 |
| 700 | 1 | 2 |
_aOminami, Carlos _970751 |
| 700 | 1 | 2 |
_aLafuente, Fernando R. _970752 |
| 700 | 1 | 2 |
_aSomerville, Hernán _970753 |
| 700 | 1 | 2 |
_aSquella, Agustín _970754 |
| 700 | 1 | 2 |
_aVelarde Fuertes, Juan _970755 |
| 700 | 1 | 2 |
_aZurita, Raúl _970756 |
| 999 |
_c42659 _d42659 |
||